Statistics for top 10 singles luke combs

Click here to take the quiz!

General Stats

  • This quiz has been taken 118 times
  • The average score is 5 of 10

Answer Stats

HintAnswer% Correct
2018beautiful crazy
83%
2016hurricane
77%
2017when it rains it pours
73%
2019beer never broke my heart
64%
2020better together
50%
2018she got the best of me
48%
2018one number away
43%
2019even though I'm leaving
37%
2020lovin on you
33%
2020does to me
28%

Score Distribution

Percentile by Number Answered

Percent of People with Each Score

Your Score History

You have not taken this quiz